| 000 | 00906nam a22002537a 4500 | ||
|---|---|---|---|
| 999 |
_c13415 _d13415 |
||
| 003 | AR-CdUCM | ||
| 008 | 190415b ||||| |||| 00| 0 spa d | ||
| 040 |
_aMUNICIPALIDAD PROVINCIAL DEL CUSCO _cBIBLIOTECA MUNICIPAL DEL CUSCO |
||
| 082 |
_a869.56 / _bN56 |
||
| 100 |
_aNieto Miranda, Luis _931822 |
||
| 245 |
_aCantos y batallas : _bpoesía édita / |
||
| 260 |
_aCusco : _bUniversidad Nacional de San Antonio Abad del Cusco, _c2000. |
||
| 300 |
_a236 páginas ; _bretrato, _c25 cm. |
||
| 440 |
_aEdiciones Especiales UNSAAC - siglo XX. _n7 _931823 |
||
| 440 |
_aMaestros antonianos. _n5 _931824 |
||
| 505 | _aContenido: Poesías. | ||
| 650 |
_aLiteratura Peruana _9132 |
||
| 650 |
_aSiglo XX _98 |
||
| 650 |
_aPoesía _946785 |
||
| 700 |
_aGaldo Bellota, Julio (editor) _931825 |
||
| 710 |
_aUniversidad Nacional San Antonio de Abad (Cusco) _91879 |
||
| 942 |
_2ddc _cLIBROS |
||
| 945 |
_aachl _d2019-04-15 |
||